| 000 | 02211cam a2200361 a 4500 | ||
|---|---|---|---|
| 005 | 20031230185550.0 | ||
| 008 | 940308s1993 enkab b 001 0 eng | ||
| 010 | _aENG-101720 B-427538-542 | ||
| 020 |
_c1200.00 _a978812207862 |
||
| 035 | _aEN-85253 B-427538-542 | ||
| 037 | _bDBAD/PUB | ||
| 037 | _bBlueberry/Ven | ||
| 040 |
_adpl _bEng |
||
| 082 | _a304.62095 | ||
| 100 | 1 | _922405 | |
| 245 | 1 | 0 |
_aDemographic transition : _cedited by Rajiv Balakrishnan in association with Council For Social Development , New Delhi _ban Asian perspective / |
| 260 |
_aNew Delhi _bKonark Publishers _c2011 |
||
| 270 |
_a206, First Floor, Peacock Lane, Shahpur Jat, _bNew Delhi _e110049 |
||
| 300 |
_axxi,571p. _c24cm (Hb) |
||
| 500 | _aIncludes bibliographical references and index | ||
| 650 | 0 | _922448 | |
| 651 | _922481 | ||
| 700 |
_923269 _aBalakrishnan, Rajiv |
||
| 700 |
_aCouncil For Social Development (India) _924469 |
||
| 942 |
_2ddc _cEN _mDEM _h304.62095 |
||
| 999 |
_c48361 _d48361 |
||